Diseño de un plan de acción relacionado a ergonomía, seguridad e higiene en las áreas de llantería y taller en el ingenio Monte Rosa S.A
La presente monografía, tiene como principal objetivo plantear medidas de solución para reducir el número de accidentes y enfermedades laborales en las áreas de llantería y taller desarrollando el estudio en el Ingenio Monte Rosa, para el cumplimiento de los objetivos planteados, el proyecto co...
| Main Authors: | , |
|---|---|
| Other Authors: | |
| Format: | Tesis Section = Libro |
| Language: | Undetermined Spanish |
| Published: |
Managua
UNI
2009
|
| Subjects: |
| LEADER | 01408nam a2200253Ia 4500 | ||
|---|---|---|---|
| 008 | 240830s9999 xx 000 0 und d | ||
| 040 | |a BIBLIOTECA-RUPAP Mon 620.82 F634 | ||
| 041 | |a spa | ||
| 082 | |a Mon 620.82 F634 | ||
| 100 | 1 | |a Flores López, Sandra Mercedes | |
| 100 | 1 | |b Jarquín Chavarría, Félix Roberto | |
| 245 | 1 | 0 | |a Diseño de un plan de acción relacionado a ergonomía, seguridad e higiene en las áreas de llantería y taller en el ingenio Monte Rosa S.A |
| 260 | |a Managua |b UNI |c 2009 | ||
| 300 | |a 328 p. :il. | ||
| 500 | |a Contiene: anexos e Incluye: CD. | ||
| 502 | |a Tesis (Ingeniero Industrial)- UNI, 2009. | ||
| 520 | 3 | |a La presente monografía, tiene como principal objetivo plantear medidas de solución para reducir el número de accidentes y enfermedades laborales en las áreas de llantería y taller desarrollando el estudio en el Ingenio Monte Rosa, para el cumplimiento de los objetivos planteados, el proyecto comprende el desarrollo de un estudio ergonómico, de seguridad e higiene, el cual en cada uno de ellos se desglosa la fase exploratoria, diagnóstica y evaluación y la fase de intervención de las áreas de | |
| 650 | 7 | |a ERGONOMÍA - PUESTOS DE TRABAJO | |
| 650 | 7 | |b SEGURIDAD INDUSTRIAL | |
| 650 | 7 | |c INDUSTRIA - ACCIDENTES - PREVENCION | |
| 700 | 1 | |a Tutor: |b Morgan Espinoza, Ramon Alberto | |
| 942 | |c BK |2 ddc | ||
| 991 | |a TESIS | ||
| 999 | |c 15699 | ||